000 00449nam a2200169 i 4500
001 63164
003 ES-MaACL
005 20230906164810.0
007 t|
008 031201s1971 sp ||||1| spa d
100 1 _aFerrand, Manuel.
_950256
245 1 3 _aLa sotana colgada
_b: novela /
_cManuel Ferrand.
250 _a[1ยช ed.].
260 _aBarcelona :
_bPlaneta,
_c[1971]
300 _a216 p. ;
_c19 cm.
852 _aES-MaACL
_jC-39303
_bR.77147
999 _c63164
_d63164